| 000 | 03017cam a22004098i 4500 | ||
|---|---|---|---|
| 001 | 21557376 | ||
| 003 | NUST | ||
| 005 | 20220825155952.0 | ||
| 006 | m |o d | | ||
| 007 | cr ||||||||||| | ||
| 008 | 200521s2020 nyu o 000 0 eng | ||
| 010 | _a 2020023584 | ||
| 020 |
_a9780525509691 _q(ebook) |
||
| 020 |
_z9780525509684 _q(hardcover) |
||
| 038 | _aAzhar | ||
| 040 |
_aDLC _beng _cDLC _erda |
||
| 042 | _apcc | ||
| 050 | 0 | 0 | _aHM881 |
| 082 | 0 | 0 |
_a303.484 _bGAR |
| 100 | 1 |
_aGarza, Alicia, _d1981- _eauthor. _997261 |
|
| 245 | 1 | 4 |
_aThe purpose of power : _bhow to build movements for the 21st century _cAlicia Garza. |
| 260 |
_aNew York : _bOne World, _c2020 |
||
| 263 | _a2010 | ||
| 264 | 1 | _c2020. | |
| 300 | _a312p | ||
| 336 |
_atext _btxt _2rdacontent |
||
| 337 |
_acomputer _bc _2rdamedia |
||
| 338 |
_aonline resource _bcr _2rdacarrier |
||
| 520 |
_a"Coupled with the speed and networking capacities of social media, #blacklivesmatter was the hashtag heard round the world. But Alicia Garza well knew that the distance between a hashtag and real change would take more than a single facebook to cover. It would take a movement. Garza was a lifelong activist who had spent the previous decades educating herself on the hard lessons of organizing. She started as a kid, working on sexual education for her peers, and then moved on to major campaigns around housing, policing, and immigrant and labor rights in California and then nationally. The lessons she extracted were different from the "rules for radicals" that animated earlier generations of lefitists; they were also different than the charismatic, patriarchal model of the American Civil Rights Movement. She instead developed a mode of organizing based on creating deep connections with communities, forging multiracial, intersectional coalitions, and, most of all, calling in all sorts of people to join the fight for the world we all deserve. This is the story of an activist's education on the streets and in the homes of regular people around the country who found ways to come together to create change. And it's also a guide for anyone who wants to share in that education and help build sustainable movements for the 21st century at any level, whether you're fighting for housing justice in your community or advocating for a political candidate or marching in the streets or just voting. It's a new paradigm for change for a new generation of changemakers, from the mind and heart behind one of the most important movements of our time"-- _cProvided by publisher. |
||
| 588 | _aDescription based on print version record and CIP data provided by publisher; resource not viewed. | ||
| 650 | 0 |
_aSocial movements. _997262 |
|
| 650 | 0 |
_aPolitical participation. _997263 |
|
| 776 | 0 | 8 |
_iPrint version: _aGarza, Alicia, 1981- _tThe purpose of power _dNew York : One World, 2020. _z9780525509684 _w(DLC) 2020023583 |
| 906 |
_a7 _bcbc _corignew _d1 _eecip _f20 _gy-gencatlg |
||
| 942 |
_2ddc _cLC |
||
| 999 |
_c591008 _d591008 |
||